Statistics for Euro 2020 Round of 16 - Croatia - Spain

Click here to take the quiz!

General Stats

  • This quiz has been taken 121 times
  • The average score is 20 of 36

Answer Stats

Player% Correct
Luka Modrić
98%
Mateo Kovačić
83%
Dominik Livaković
82%
Marcelo Brozović
81%
Álvaro Morata ¹
79%
Domagoj Vida
76%
Pedri
73%
Unai Simón
73%
Andrej Kramarić
71%
Duje Ćaleta-Car
68%
Jordi Alba
67%
Joško Gvardiol
67%
Pau Torres
67%
Sergio Busquets
67%
Ferran Torres ¹
66%
Ante Rebić
59%
Luis Enrique
57%
Aymeric Laporte
55%
Bruno Petković
54%
Mario Pašalić ¹
52%
Zlatko Dalić
51%
Josip Juranović
49%
Mislav Oršić ¹
49%
Dani Olmo
48%
Mikel Oyarzabal ¹
48%
César Azpilicueta ¹
45%
Koke
41%
Nikola Vlašić
40%
Eric García
39%
Rodri
39%
Josip Brekalo
37%
José Gayà
34%
Pablo Sarabia ¹
32%
Ante Budimir
24%
Luka Ivanušec
15%
Fabián Ruiz
14%

Score Distribution

Percentile by Number Answered

Percent of People with Each Score

Your Score History

You have not taken this quiz